Guess the hurricane. - Statistics

General Stats
  • This quiz has been taken 55 times
  • The average score is 5 of 16
Answer Stats
Picture Answer % Correct
hurricane Katrina
100%
hurricane irma
36%
hurricane dorian
33%
hurricane Maria
33%
hurricane Wilma
33%
hurricane harvey
31%
hurricane Ian
31%
hurricane milton
31%
hurricane Mitch
31%
Galveston hurricane
28%
hurricane Michael
28%
hurricane rita
28%
hurricane Camille
25%
Hurricane Charley
22%
labor day hurricane
22%
hurricane okeechobee
3%
No matching quizzes found
Score Distribution
Percent of People with Each Score
Percentile by Number Answered
Your Score History
You have not taken this quiz